| 000 | 00740nam a2200253Ia 4500 | ||
|---|---|---|---|
| 003 | OSt | ||
| 005 | 20221005093855.0 | ||
| 006 | a|||||r|||| 00| 0 | ||
| 007 | ta | ||
| 008 | 221004b |||||||| |||| 00| 0 eng d | ||
| 020 |
_a9781845207939 (hbk) _c3760.34 |
||
| 024 | _a100877 | ||
| 037 |
_b5702, 30/03/2010, Efficient Book Distributors _cTextual |
||
| 040 |
_aCRL _cCRL _beng |
||
| 041 |
_2eng _aeng |
||
| 082 | _aNWv, Q0 | ||
| 100 |
_aGray Gordon _9330823 |
||
| 245 | 0 |
_aCinema _b A visual anthropology |
|
| 260 |
_aOxford _bBerg UK _c2010 |
||
| 300 |
_axviii,167p. _ccm. |
||
| 650 | _aARTS | ||
| 942 |
_hNWv, Q0 _cTEXL _2cc |
||
| 999 |
_c1001046 _d1001046 |
||